01006nam a2200265Ia 4500001001200000003000800012006001900020007001500039008004100054020001500095040002100110035002100131050002600152100003800178245010700216260003500323300001100358533015200369650001100521650001900532655002900551710001700580856012600597999001700723ebr10093538CaPaEBRm u cr cn|||||||||020716s1994 enk s 000 0 eng d z0203986016 aCaPaEBRcCaPaEBR a(OCoLC)61483437714aBL2015.K3bH86 1994eb1 aHumphreys, Christmas,d1901-1983.10aKarma and rebirthh[electronic resource] :bthe karmic law of cause and effect /cChristmas Humphreys. aSurrey :bCurzon Press,c1994. a105 p. aElectronic reproduction.bPalo Alto, Calif. :cebrary,d2009.nAvailable via World Wide Web.nAccess may be limited to ebrary affiliated libraries. 0aKarma. 0aReincarnation. 7aElectronic books.2local2 aebrary, Inc.40uhttp://site.ebrary.com/lib/rucke/Doc?id=10093538zAn electronic book accessible through the World Wide Web; click to view c99979d99979